000 00885cab a2200181 4500
001 L129883
008 050601n2005 000 0 eng u
035 _a(Sirsi) u129883
041 _aeng
100 _aBurns, Joseph
245 _aCounting the unit cost
260 _c2005
490 _aQS Week
_v(4) 18 May 2005, 12-13(2)
520 _aOutlines the basic factors affecting the costs of a typical industrial or distribution unit in southeast England. Points out that an industrial unit has the greatest variation in potential cost of any building type and the factors determining costs can be imposed by site conditions or the intended use of the building. Includes tables which contain a breakdown of the typical costs and the effect the configuration of the design and height has on costs.
590 _aIKA070605
690 _aBUILT ENVIRONMENT-BUILDING COSTS
942 _n0
999 _c75320
_d75320